[Event "Let's Play Chess!"]
[Site "http://www.queenalice.com/game.php?id=244494"]
[Date "2007.7.23"]
[Round "-"]
[White "CoRiaNtumR1"]
[Black "manguana"]
[Result "0-1"]
[WhiteElo "1004"]
[BlackElo "1431"]

1. e3 e5 2. Bd3 Nc6 3. Qf3 d6 4. b4 d5 5. Bb2 e4 6. Bxe4 dxe4 7. Qxe4+ Nge7 8.
Ne2 Bf5 9. Qc4 Qd7 10. Ng3 Be6 11. Qe4 g6 12. Bxh8 O-O-O 13. Ke2 f5 14. Qf4 Nd5
15. e4 Nxf4+ 0-1

[Event "AUTO-OPEN-755"]
[Site "http://www.queenalice.com/game.php?id=244601"]
[Date "2007.7.24"]
[Round "1"]
[White "manguana"]
[Black "Chamnix"]
[Result "0-1"]
[WhiteElo "1468"]
[BlackElo "2009"]

1. e4 c5 2. Nc3 g6 3. d3 Bg7 4. d4 cxd4 5. Na4 d6 6. Nf3 Qa5+ 7. Bd2 Qxa4 8. Bd3
Nc6 9. b3 Qa3 10. Bc1 Qa5+ 11. Bd2 Qc7 0-1

[Event "AUTO-OPEN-755"]
[Site "http://www.queenalice.com/game.php?id=244628"]
[Date "2007.7.24"]
[Round "1"]
[White "Prates"]
[Black "manguana"]
[Result "1-0"]
[WhiteElo "1227"]
[BlackElo "1441"]

1. d4 b6 2. Nf3 Bb7 3. Ne5 Nc6 4. Nxc6 dxc6 5. e3 Qd5 6. Nc3 Qa5 7. Qd3 Ba6 8.
Qe4 Nf6 9. Qxc6+ Kd8 10. Qxa8+ Kd7 11. Qxa7 Qf5 12. Qxa6 Ng4 13. Qb5+ Qxb5 14.
Nxb5 c6 15. Nc3 e6 16. Na4 Bb4+ 17. c3 Ba5 18. b4 1-0

[Event "AUTO-OPEN-755"]
[Site "http://www.queenalice.com/game.php?id=244629"]
[Date "2007.7.24"]
[Round "1"]
[White "manguana"]
[Black "Prates"]
[Result "1-0"]
[WhiteElo "1441"]
[BlackElo "1283"]

1. e4 d5 2. Nc3 dxe4 3. Nxe4 Nc6 4. c3 Qd5 5. d3 Qe6 6. Nh3 h6 7. Be2 Qd5 8. Nf4
Qd8 9. O-O Ne5 10. d4 Nd7 11. Bb5 c6 12. Bc4 Ndf6 13. f3 Nxe4 14. fxe4 e6 15. b3
Nf6 16. e5 Ne4 17. Qe2 Nxc3 18. Qf3 Nd5 19. Nxd5 cxd5 20. Qxf7# 1-0

[Event "AUTO-OPEN-755"]
[Site "http://www.queenalice.com/game.php?id=244648"]
[Date "2007.7.24"]
[Round "1"]
[White "manguana"]
[Black "dequeue"]
[Result "1-0"]
[WhiteElo "1449"]
[BlackElo "1781"]

1. e4 e5 2. Nc3 Nc6 3. a3 Nf6 4. Bc4 Bc5 5. f3 a6 6. b4 O-O 7. bxc5 Re8 8. Nge2
Qe7 9. Na4 d6 10. c3 Bd7 11. O-O Na5 12. Ba2 dxc5 13. d3 b5 14. Nb2 Rad8 15. c4
Qe6 16. cxb5 Qb6 17. Nc4 Nxc4 18. dxc4 Bxb5 19. Qb3 Bc6 20. g4 Rb8 21. g5 Nd7
22. Rb1 f5 23. Nc3 Qa5 24. Qc2 f4 25. Nd5 Rxb1 26. Bxb1 Nb8 27. Kh1 Bd7 28. g6
Nc6 29. Rg1 Bh3 30. Bd2 Qxa3 31. Qc3 Qxc3 32. Bxc3 Rc8 33. Rg5 Be6 34. Bxe5 Bxd5
35. exd5 hxg6 36. dxc6 Re8 37. Bxg6 Re6 38. Bxf4 Rxc6 39. Be4 Rb6 40. Bxc7 Rb4
41. Bd5+ Kh8 42. Rh5# 1-0

[Event "AUTO-OPEN-755"]
[Site "http://www.queenalice.com/game.php?id=244649"]
[Date "2007.7.24"]
[Round "1"]
[White "dequeue"]
[Black "manguana"]
[Result "1-0"]
[WhiteElo "1736"]
[BlackElo "1478"]

1. f4 e6 2. Nf3 f6 3. g3 b6 4. Bg2 Bb7 5. O-O Bc5+ 6. d4 Bb4 7. c3 Bd6 8. Be3 b5
9. Bf2 Nh6 10. h3 O-O 11. Re1 b4 12. Qb3 c6 13. c4 Ba6 14. c5 Be7 15. Qxb4 d6
16. cxd6 Bxd6 17. Qc3 Nf5 18. e4 Ne7 19. b4 Bb5 20. a4 Ba6 21. Na3 g5 22. Qb3
Bc8 23. Nc4 gxf4 24. Kh2 Kf7 25. g4 Na6 26. e5 Bxb4 27. Re4 Ng6 28. Rd1 Qd5 29.
Rd3 c5 30. Re2 Rb8 31. Ng5+ fxg5 32. Bxd5 exd5 33. Nd6+ Kg7 34. Qxd5 Nc7 35. Qc6
Na6 36. Nxc8 Rfxc8 37. Qxa6 f3 38. Qxa7+ Kf8 39. Rxf3+ Nf4 40. Qxh7 cxd4 41.
Bxd4 Rd8 42. Qh8+ Ke7 43. Qf6+ Ke8 44. Re4 Nd5 45. Qf7# 1-0

[Event "Challenge"]
[Site "http://www.queenalice.com/game.php?id=261075"]
[Date "2007.8.25"]
[Round "-"]
[White "manguana"]
[Black "fmlv"]
[Result "1-0"]
[WhiteElo "1433"]
[BlackElo "1444"]

1. e4 d6 2. Bb5+ c6 3. Ba4 e5 4. Qf3 Be6 5. Nh3 Qa5 6. Nc3 Nh6 7. O-O Bg4 8. Qg3
d5 9. f3 Qc5+ 10. Nf2 f5 11. Qxe5+ Be7 12. fxg4 Nd7 13. Qxg7 Nf7 14. gxf5 Bf6
15. Qg3 Ng5 16. d3 1-0

[Event "AUTO-INT-589"]
[Site "http://www.queenalice.com/game.php?id=261415"]
[Date "2007.8.25"]
[Round "1"]
[White "ricardosf"]
[Black "manguana"]
[Result "1-0"]
[WhiteElo "1391"]
[BlackElo "1446"]

1. e3 e5 2. d4 d6 3. dxe5 dxe5 4. Qxd8+ Kxd8 5. Nf3 e4 6. Ne5 Nh6 7. g4 Bd6 8.
Nc4 Bxg4 9. Nxd6 cxd6 10. h3 Be6 11. Nc3 a6 12. Nxe4 Bd5 13. Bg2 Kd7 14. O-O f5
15. Nc3 Bxg2 16. Kxg2 b5 17. a4 b4 18. Nd5 Kc6 19. Nxb4+ Kc5 20. c3 a5 21. Nd3+
Kc6 22. b4 Re8 23. b5+ Kd7 24. b6 Kc6 25. Rd1 Kxb6 26. Rb1+ Ka6 27. Nf4 Nf7 28.
Nh5 Rg8 29. Ba3 Nc6 30. Rd5 g6 31. Nf6 Ne7 32. Nxg8 Nxd5 33. Rb5 1-0

[Event "AUTO-INT-589"]
[Site "http://www.queenalice.com/game.php?id=261416"]
[Date "2007.8.25"]
[Round "1"]
[White "manguana"]
[Black "ricardosf"]
[Result "0-1"]
[WhiteElo "1429"]
[BlackElo "1491"]

1. e4 e6 2. Nf3 f5 3. d3 fxe4 4. dxe4 Bb4+ 5. c3 Bc5 6. Be3 Bxe3 7. fxe3 d5 8.
Bb5+ c6 9. Bd3 dxe4 10. Bxe4 Qxd1+ 11. Kxd1 Nf6 12. Bd3 Ng4 13. Ke1 Nxe3 14. Kf2
Ng4+ 15. Ke2 O-O 16. h3 Nf6 17. g4 Nbd7 18. Ng5 h6 19. Nxe6 Re8 20. Bf5 Ne5 21.
Nd2 Bxe6 22. Rhf1 Bc4+ 23. Nxc4 Nxc4+ 24. Kd3 Nxb2+ 25. Kc2 Re2+ 26. Kb3 a5 27.
Ka3 Nc4+ 28. Kb3 Nd2+ 29. Ka3 Nc4+ 30. Kb3 Ne3 31. Be6+ Kh7 32. Rfe1 a4+ 0-1

[Event "AUTO-INT-589"]
[Site "http://www.queenalice.com/game.php?id=261433"]
[Date "2007.8.25"]
[Round "1"]
[White "manguana"]
[Black "shouou"]
[Result "0-1"]
[WhiteElo "1462"]
[BlackElo "1639"]

1. e4 c6 2. Nc3 d5 3. b3 e5 4. Nf3 Bd6 5. exd5 cxd5 6. Nxd5 Bc7 7. c4 Nf6 8.
Nxc7+ Qxc7 9. Ba3 Nc6 10. Be2 Ng8 11. O-O Nge7 12. b4 O-O 13. b5 Nd4 14. Nxd4
exd4 15. Qc2 Bf5 16. d3 Rfd8 17. Bf3 Rab8 18. Be4 Bxe4 19. dxe4 Ng6 20. g3 Ne5
21. f4 Ng4 22. Rfc1 Ne3 23. Qb3 Rbc8 24. c5 d3 25. b6 Qc6 0-1

[Event "AUTO-INT-589"]
[Site "http://www.queenalice.com/game.php?id=261434"]
[Date "2007.8.25"]
[Round "1"]
[White "shouou"]
[Black "manguana"]
[Result "1-0"]
[WhiteElo "1629"]
[BlackElo "1472"]

1. Nf3 f6 2. g3 e5 3. Bg2 e4 4. Nd4 c5 5. Nf5 g6 6. Nh4 g5 7. Nf5 Nh6 8. Bxe4 d5
9. Nxh6 Bxh6 10. Bg2 O-O 11. O-O Na6 12. e4 d4 13. d3 Rb8 14. f4 Nb4 15. a3 Nc6
16. Nd2 b5 17. Nb3 Qe7 18. c3 f5 19. Qh5 Qf6 20. fxg5 Qf7 21. Qxf7+ Rxf7 22.
gxh6 Ne5 23. Nxc5 a6 24. cxd4 Rc7 25. Bf4 Rc6 26. Bxe5 Rbb6 27. exf5 Rxh6 28.
Bd5+ Kf8 29. f6 Bh3 30. Bf4 1-0

[Event "AUTO-INT-589"]
[Site "http://www.queenalice.com/game.php?id=261435"]
[Date "2007.8.25"]
[Round "1"]
[White "manguana"]
[Black "Petruzza"]
[Result "0-1"]
[WhiteElo "1415"]
[BlackElo "1565"]

1. e4 e6 2. Nc3 Bd6 3. Nb5 Bb4 4. c3 Bc5 5. d4 Bb6 6. Bf4 g5 7. Be5 f6 8. Bg3 a6
9. Qh5+ Ke7 10. Na3 d5 11. O-O-O dxe4 12. Nc4 Nc6 13. Nxb6 cxb6 14. f3 e3 15.
Re1 h6 16. Qg6 Kd7 17. Qg7+ Nge7 18. Qxf6 Nd5 19. Qg7+ Nce7 20. Qe5 Nf5 21. Bd3
Nxg3 22. hxg3 Rf8 23. Bc4 Rf5 24. Qe4 b5 25. Bxd5 Rxd5 26. Rxe3 Kc7 27. Rxh6 Rd6
28. Rh7+ Rd7 29. Nh3 Rxh7 30. Qxh7+ Kb6 31. f4 g4 32. Nf2 e5 33. Rxe5 Qc7 34.
Qg6+ Qc6 35. Qe4 Bd7 36. Qxc6+ bxc6 37. f5 Rg8 38. f6 Rf8 39. Re7 Rxf6 40. Ne4
Rf1+ 41. Kd2 Bf5 42. Ke2 Rb1 43. Re5 Rxb2+ 44. Ke3 Bxe4 45. Rxe4 Rxa2 46. Rxg4
Rxg2 47. Rg8 Kb7 48. Rg7+ Kb6 49. Rg5 a5 50. d5 cxd5 51. Rxd5 Rxg3+ 52. Kd4 a4
53. Rd6+ Ka5 54. Rc6 a3 55. Rc7 Rg4+ 56. Kd3 Ka4 57. c4 bxc4+ 58. Rxc4+ Rxc4 59.
Kxc4 a2 60. Kd4 a1=Q+ 61. Ke4 Kb4 62. Kf5 Kc5 0-1

[Event "AUTO-INT-589"]
[Site "http://www.queenalice.com/game.php?id=261436"]
[Date "2007.8.25"]
[Round "1"]
[White "Petruzza"]
[Black "manguana"]
[Result "1-0"]
[WhiteElo "1559"]
[BlackElo "1442"]

1. e3 e5 2. Nf3 e4 3. Ng1 d5 4. Qh5 Bd7 5. Qxd5 Nf6 6. Qxb7 Bc6 7. Bb5 Bxb5 8.
Qxa8 Bc6 9. Qxa7 Bd6 10. b3 Nbd7 11. Qa6 Bd5 12. c4 Be6 13. d4 Nb8 14. Qb5+ Bd7
15. Qg5 O-O 16. c5 Be7 17. b4 Nc6 18. a3 Nd5 19. Qxd5 Be6 20. Qxc6 Bd5 21. Qa6
c6 22. Nh3 f6 23. Nf4 Qc8 24. Qxc8 Rxc8 25. Nxd5 cxd5 26. b5 f5 27. b6 1-0

[Event "AUTO-INT-604"]
[Site "http://www.queenalice.com/game.php?id=266995"]
[Date "2007.9.5"]
[Round "1"]
[White "bispo"]
[Black "manguana"]
[Result "0-1"]
[WhiteElo "1460"]
[BlackElo "1409"]

1. d4 e6 2. c4 Nc6 3. Nc3 e5 4. e3 Nf6 5. Qc2 exd4 6. Ne4 Bb4+ 7. Bd2 O-O 8. Bd3
d6 9. Nxf6+ Qxf6 10. Bxh7+ Kh8 11. Bd3 Be6 12. O-O-O Qxf2 13. Nf3 dxe3 14. Bxb4
Qxc2+ 15. Kxc2 Nxb4+ 16. Kc3 Nxa2+ 17. Kb3 d5 18. Kxa2 dxc4 0-1

[Event "AUTO-INT-604"]
[Site "http://www.queenalice.com/game.php?id=266996"]
[Date "2007.9.5"]
[Round "1"]
[White "manguana"]
[Black "bispo"]
[Result "1-0"]
[WhiteElo "1427"]
[BlackElo "1442"]

1. e4 c5 2. Nf3 d6 3. Bc4 Bg4 4. Bd5 Nc6 5. c3 e6 6. Bxc6+ bxc6 7. O-O Be7 8. d3
Bf6 9. h3 Bxf3 10. Qxf3 Ne7 11. Na3 O-O 12. Bf4 e5 13. Bg3 d5 14. Rad1 Qc7 15.
b4 cxb4 16. cxb4 Rad8 17. Nc2 dxe4 18. dxe4 1-0

[Event "AUTO-INT-604"]
[Site "http://www.queenalice.com/game.php?id=267012"]
[Date "2007.9.5"]
[Round "1"]
[White "manguana"]
[Black "ANUBIS_"]
[Result "0-1"]
[WhiteElo "1446"]
[BlackElo "1266"]

1. e4 e5 2. Bc4 Bc5 3. Nf3 Nf6 4. O-O Nxe4 5. Qe1 Bxf2+ 6. Rxf2 Nxf2 7. Qxf2 O-O
8. Nxe5 d6 9. Nxf7 Qf6 10. Nxd6+ Be6 11. Ne4 Qg6 12. Qe2 Bxc4 13. Qxc4+ Kh8 14.
d3 Qg4 15. Qxc7 Qd1# 0-1

[Event "AUTO-INT-604"]
[Site "http://www.queenalice.com/game.php?id=267023"]
[Date "2007.9.5"]
[Round "1"]
[White "manguana"]
[Black "piemme"]
[Result "0-1"]
[WhiteElo "1454"]
[BlackElo "1664"]

1. e4 c5 2. c4 d6 3. Qa4+ Bd7 4. Qb3 b6 5. d3 Nc6 6. Be3 Ne5 7. Nf3 Nxf3+ 8.
gxf3 Nf6 9. Rg1 g6 10. Nc3 Rc8 11. O-O-O Bg7 12. Rg5 Bh6 13. Rg3 Bxe3+ 14. fxe3
O-O 0-1

[Event "AUTO-INT-604"]
[Site "http://www.queenalice.com/game.php?id=267024"]
[Date "2007.9.5"]
[Round "1"]
[White "piemme"]
[Black "manguana"]
[Result "1-0"]
[WhiteElo "1656"]
[BlackElo "1462"]

1. c4 b6 2. d3 e6 3. e4 Bb4+ 4. Bd2 Bxd2+ 5. Nxd2 Nc6 6. Be2 Nd4 7. Ngf3 Nxe2 8.
Qxe2 Nf6 9. O-O O-O 10. b3 c5 11. Ng5 Nd5 12. exd5 Qxg5 13. Nf3 Qh5 14. Qe3 Bb7
15. Ne5 Rad8 16. h3 exd5 17. a4 1-0

[Event "Vamo outra"]
[Site "http://www.queenalice.com/game.php?id=302454"]
[Date "2007.11.12"]
[Round "-"]
[White "manguana"]
[Black "demonsword"]
[Result "0-1"]
[WhiteElo "1417"]
[BlackElo "1612"]

1. e4 d5 2. Nc3 d4 3. Nd5 Nf6 4. Nxf6+ exf6 5. Nf3 f5 6. e5 Nc6 7. a3 f6 8. Bb5
a6 9. Bc4 fxe5 10. O-O e4 11. Ne1 b5 12. Bb3 a5 13. d3 a4 14. Ba2 Qd5 15. Bxd5
Ra6 16. dxe4 fxe4 0-1